| 000 | 00739nam a22002177a 4500 | ||
|---|---|---|---|
| 999 |
_c18877 _d18877 |
||
| 003 | AR-CdUCM | ||
| 008 | 190515b ||||| |||| 00| 0 spa d | ||
| 040 |
_aMUNICIPALIDAD PROVINCIAL DEL CUSCO _cBIBLIOTECA MUNICIPAL DEL CUSCO |
||
| 082 |
_a153 / _bH638 |
||
| 100 |
_aHighet, Gilbert _936701 |
||
| 245 | _aPoder y limites de la inteligencia / | ||
| 260 |
_aBuenos Aires, _bNova, _c1954. |
||
| 300 |
_a151 páginas ; _c20 cm. |
||
| 440 |
_aIniciación cultural _n9 _939770 |
||
| 505 | _aContenido : Los poderes del conocimiento -- Limites del saber -- Limites esenciales del amente... | ||
| 650 |
_aCivilización _91048 |
||
| 650 |
_aPensamiento _9461 |
||
| 650 |
_aObstáculos exteriores _939771 |
||
| 942 |
_2ddc _cLIBROS |
||
| 945 | _arcc | ||